000 00770nam a2200229Ia 4500
005 20220915110605.0
008 210716s2011 xx 000 0 und d
020 _a9788131726952
040 _cAIMIT LIBRARY
041 _aeng
082 _a621.367
_21
_bGONR
100 _aGonzalez, Rafael C.
_957560
245 _aDigital image processing /
_cBy Rafael C Gonzalez and Richard E Woods
250 _a3rd ed.
260 _aNew Delhi :
_bPearson Education ,
_c2011.
300 _axxii,954p. ;
_c23 cm.
650 _aIntensity transformations and spatial filtering
_957561
650 _aFiltering in the frequency domain
_957562
650 _aImage restoration and reconstruction
_957563
700 _aWoods, Richard E.
_957564
942 _2ddc
_cBK
_e3rd
_k621.367 GONR
999 _c192415
_d192415